The platonism of Joachim du Bellay /

Bibliographic Details
Main Author: Merrill, Robert Valentine, 1892-
Format: Book
Language:English
Published: Chicago, Ill. : University of Chicago Press, 1925.
Subjects:

MARC

Tag First Indicator Second Indicator Subfields
LEADER 00000cam a2200000 a 4500
001 in00000073520
005 20151008053515.0
008 760706s1925 ilu b 00010 engm
010 |a  25021404  
035 |a (OCoLC)02299373 
035 |9 AAH7660AM 
040 |a DLC  |c MUB  |d TXA  |d UtOrBLW 
049 |a TXAM  |c [1654509] 
050 0 0 |a PQ1669  |b .M4 
100 1 |a Merrill, Robert Valentine,  |d 1892- 
245 1 4 |a The platonism of Joachim du Bellay /  |c by Robert Valentine Merrill. 
264 1 |a Chicago, Ill. :  |b University of Chicago Press,  |c 1925. 
300 |a 150 pages ;  |c 24 cm. 
336 |a text  |b txt  |2 rdacontent 
337 |a unmediated  |b n  |2 rdamedia 
338 |a volume  |b nc  |2 rdacarrier 
504 |a Includes bibliographical references. 
600 1 0 |a Du Bellay, Joachim,  |d approximately 1522-1560. 
600 0 0 |a Plato. 
999 |a MARS 
999 f f |s 37d2f6fd-61c8-3822-b7d5-e5e170cc75e8  |i 219edf4d-5b12-3f7b-a6e1-faf053bde1a0  |t 0 
952 f f |p normal  |a Texas A&M University  |b College Station  |c Sterling C. Evans Library  |d Evans: Library Stacks  |t 0  |e PQ1669 .M4  |h Library of Congress classification  |i unmediated -- volume  |m A14806180295 
998 f f |a PQ1669 .M4  |t 0  |l Evans: Library Stacks